Impact of External Control on the Activities of Higher Education Institutions

Podpora riadenia univerzít, financovanie verejných univerzít. Kontrola správneho využívania finančných prostriedkov na pokrytie nákladov, zachovanie hospodárnosti, efektívnosti, účinnosti a efektívnosti ich využívania. Predmet, dôvody a význam kontroly. Dôvody rozdielu medzi plánovaním a čerpaním pr...

Descripción completa

Guardado en:
Detalles Bibliográficos
Autor principal: Juhászová, Zuzana, 1970-
Otros Autores: Tumpach, Miloš, 1970-, Kubaščíková, Zuzana, 1982-
Formato: Capítulo de libro
Lenguaje:inglés
Materias:
Etiquetas: Agregar Etiqueta
Sin Etiquetas, Sea el primero en etiquetar este registro!

MARC

LEADER 00000naa$a2200000$$$4500
001 0248541
005 20240502073957.4
041 0 |a eng 
044 |a SK 
245 1 0 |a Impact of External Control on the Activities of Higher Education Institutions  |c Zuzana Juhászová, Miloš Tumpach, Zuzana Kubaščíková 
520 |a Podpora riadenia univerzít, financovanie verejných univerzít. Kontrola správneho využívania finančných prostriedkov na pokrytie nákladov, zachovanie hospodárnosti, efektívnosti, účinnosti a efektívnosti ich využívania. Predmet, dôvody a význam kontroly. Dôvody rozdielu medzi plánovaním a čerpaním pridelených finančných prostriedkov. 
610 2 0 |a manažment 
610 2 0 |a riadenie 
610 2 0 |a kontrola 
610 2 0 |a financovanie 
610 2 0 |a kontrola vonkajšia 
610 2 0 |a kontroling 
610 2 0 |a účtovníctvo 
610 2 0 |a závierka účtovná 
610 2 0 |a školy vysoké 
610 2 0 |a univerzity 
610 2 0 |a Slovensko 
610 2 0 |a efektívnosť ekonomická 
100 1 |a Juhászová, Zuzana, 1970- 
700 1 |a Tumpach, Miloš, 1970- 
700 1 |a Kubaščíková, Zuzana, 1982-